[Event "Bundesliga 2017-18"]
[Site "Berlin GER"]
[Date "2018.05.01"]
[Round "15.6"]
[White "Leko, Peter"]
[Black "Harikrishna, Pentala"]
[Result "1/2-1/2"]
[WhiteTitle "GM"]
[BlackTitle "GM"]
[WhiteElo "2679"]
[BlackElo "2733"]
[Board "1"]
[WhiteTeam "SF Deizisau"]
[BlackTeam "SG Solingen"]
[WhiteFideId "703303"]
[BlackFideId "5007003"]
[EventDate "2017.10.21"]
[EventType "team"]

1. e4 e5 2. Nf3 Nc6 3. Bb5 Nf6 4. d3 Bc5 5. c3 O-O 6. O-O d5 7. exd5 Qxd5 8. Bc4
Qd8 9. Nbd2 h6 10. b4 Bd6 11. Re1 a6 12. a4 Re8 13. Bb2 Bf5 14. Ne4 Nxe4 15.
dxe4 Be6 16. Bxe6 Rxe6 17. Bc1 a5 18. b5 Nb8 19. Qd5 Nd7 20. Be3 Rb8 21. h3 b6
22. Rad1 Qe8 23. Qc4 Bc5 24. Nd2 Bxe3 25. Rxe3 Rd6 26. Ree1 Nc5 27. Nb3 Nxb3 28.
Rxd6 cxd6 29. Qxb3 Qe6 30. c4 1/2-1/2

[Event "Bundesliga 2017-18"]
[Site "Berlin GER"]
[Date "2018.05.01"]
[Round "15.6"]
[White "Rapport, Richard"]
[Black "Bluebaum, Matthias"]
[Result "1-0"]
[WhiteTitle "GM"]
[BlackTitle "GM"]
[WhiteElo "2686"]
[BlackElo "2643"]
[Board "2"]
[WhiteTeam "SG Solingen"]
[BlackTeam "SF Deizisau"]
[WhiteFideId "738590"]
[BlackFideId "24651516"]
[EventDate "2017.10.21"]
[EventType "team"]

1. e4 e6 2. d4 d5 3. exd5 exd5 4. Nf3 Nc6 5. Nc3 Bb4 6. Bd3 Nge7 7. O-O Bg4 8.
h3 Bh5 9. a3 Bd6 10. Re1 Bxf3 11. Qxf3 Nxd4 12. Qxd5 c6 13. Qh5 Qd7 14. Ne4 Ne6
15. Bh6 Qc7 16. Bc4 Bh2+ 17. Kh1 Qe5 18. Ng5 1-0

[Event "Bundesliga 2017-18"]
[Site "Berlin GER"]
[Date "2018.05.01"]
[Round "15.6"]
[White "Meier, Georg"]
[Black "Ragger, Markus"]
[Result "1/2-1/2"]
[WhiteTitle "GM"]
[BlackTitle "GM"]
[WhiteElo "2655"]
[BlackElo "2659"]
[Board "3"]
[WhiteTeam "SF Deizisau"]
[BlackTeam "SG Solingen"]
[WhiteFideId "4675789"]
[BlackFideId "1610856"]
[EventDate "2017.10.21"]
[EventType "team"]

1. c4 c5 2. Nf3 Nf6 3. e3 g6 4. d4 Bg7 5. d5 O-O 6. Nc3 d6 7. Bd3 e6 8. O-O exd5
9. cxd5 Bg4 10. h3 Bxf3 11. Qxf3 Re8 12. Rd1 Nbd7 13. Qe2 Nh5 14. Qc2 f5 15. a4
a6 16. a5 Ne5 17. Be2 Nf6 18. Bd2 Rc8 19. Ra4 Nfd7 20. b3 Qf6 21. f4 Nf7 22. g4
Qe7 23. gxf5 gxf5 24. Kh2 Nh6 25. Rg1 Kh8 26. Rg2 Rg8 27. Ra1 Ne5 28. Rg3 c4 29.
Rag1 cxb3 30. Qxb3 Ng6 31. Bd3 Nh4 32. Ne2 Bf6 33. Be1 Rg6 34. Bf2 Rcg8 35. Qb4
Nf7 36. Nd4 Rxg3 37. Rxg3 Rxg3 38. Kxg3 Ne5 39. Bf1 Nd3 40. Qd2 Qg7+ 41. Kh2
Nxf2 42. Qxf2 Bxd4 43. Qxh4 1/2-1/2

[Event "Bundesliga 2017-18"]
[Site "Berlin GER"]
[Date "2018.05.01"]
[Round "15.6"]
[White "Van Wely, Loek"]
[Black "Lagarde, Maxime"]
[Result "1-0"]
[WhiteTitle "GM"]
[BlackTitle "GM"]
[WhiteElo "2663"]
[BlackElo "2594"]
[Board "4"]
[WhiteTeam "SG Solingen"]
[BlackTeam "SF Deizisau"]
[WhiteFideId "1000268"]
[BlackFideId "662399"]
[EventDate "2017.10.21"]
[EventType "team"]

1. Nf3 c5 2. c4 Nf6 3. Nc3 d5 4. cxd5 Nxd5 5. d4 Nxc3 6. bxc3 cxd4 7. cxd4 e5 8.
dxe5 Qxd1+ 9. Kxd1 Nc6 10. e3 Bg4 11. Bb5 O-O-O+ 12. Ke2 Nxe5 13. Bb2 f6 14. h3
Nxf3 15. hxg4 Rd2+ 16. Kxf3 Rxb2 17. Rac1+ Kb8 18. Bd7 Ba3 19. Rxh7 Rd8 20. Rd1
Rxa2 21. Rxg7 Bb4 22. Rf7 Bc3 23. Rc1 Be5 24. Rc5 Rd2 25. Bf5 R2d5 26. Rxd5 Rxd5
27. Ke4 Rb5 28. f4 Bb2 29. g5 fxg5 30. fxg5 a5 31. g6 a4 32. g7 Bxg7 33. Rxg7 a3
34. Be6 Rb2 35. g4 a2 36. Bxa2 Rxa2 37. g5 Rg2 38. Kf5 b5 39. Rd7 1-0

[Event "Bundesliga 2017-18"]
[Site "Berlin GER"]
[Date "2018.05.01"]
[Round "15.6"]
[White "Heimann, Andreas"]
[Black "Bok, Benjamin"]
[Result "1/2-1/2"]
[WhiteTitle "GM"]
[BlackTitle "GM"]
[WhiteElo "2578"]
[BlackElo "2611"]
[Board "5"]
[WhiteTeam "SF Deizisau"]
[BlackTeam "SG Solingen"]
[WhiteFideId "24624632"]
[BlackFideId "1017063"]
[EventDate "2017.10.21"]
[EventType "team"]

1. Nf3 d5 2. g3 c6 3. Bg2 Bg4 4. h3 Bh5 5. c4 e6 6. O-O Be7 7. cxd5 cxd5 8. Qb3
Bxf3 9. Bxf3 Qd7 10. d4 Nc6 11. e3 Nf6 12. Nc3 O-O 13. Bd2 Na5 14. Qc2 Nc4 15.
Bc1 Rac8 16. b3 Bb4 17. bxc4 Rxc4 18. Bd2 Bxc3 19. Bxc3 Rfc8 20. Rfc1 Qc6 21.
Rab1 b5 22. Qb2 Rxc3 23. Rxc3 Qxc3 24. Qxb5 g6 25. Kg2 Kg7 26. Qa6 Qc2 27. Re1 1/2-1/2

[Event "Bundesliga 2017-18"]
[Site "Berlin GER"]
[Date "2018.05.01"]
[Round "15.6"]
[White "Smeets, Jan"]
[Black "Graf, Alexander"]
[Result "1-0"]
[WhiteTitle "GM"]
[BlackTitle "GM"]
[WhiteElo "2605"]
[BlackElo "2576"]
[Board "6"]
[WhiteTeam "SG Solingen"]
[BlackTeam "SF Deizisau"]
[WhiteFideId "1007246"]
[BlackFideId "4680804"]
[EventDate "2017.10.21"]
[EventType "team"]

1. e4 g6 2. d4 Bg7 3. Nc3 d6 4. f4 Nf6 5. Nf3 O-O 6. Bd3 c5 7. dxc5 Nbd7 8. cxd6
exd6 9. O-O Re8 10. f5 Nc5 11. fxg6 hxg6 12. Ng5 Bg4 13. Qe1 d5 14. e5 d4 15.
Bc4 Be6 16. Nxe6 Nxe6 17. exf6 dxc3 18. fxg7 Qd4+ 19. Qf2 cxb2 20. Qxd4 bxc1=Q
21. Bxe6 1-0

[Event "Bundesliga 2017-18"]
[Site "Berlin GER"]
[Date "2018.05.01"]
[Round "15.6"]
[White "Keymer, Vincent"]
[Black "Predojevic, Borki"]
[Result "1/2-1/2"]
[BlackTitle "GM"]
[WhiteElo "2413"]
[BlackElo "2621"]
[Board "7"]
[WhiteTeam "SF Deizisau"]
[BlackTeam "SG Solingen"]
[WhiteFideId "12940690"]
[BlackFideId "930849"]
[EventDate "2017.10.21"]
[EventType "team"]

1. d4 Nf6 2. c4 e6 3. Nf3 d5 4. Nc3 a6 5. cxd5 exd5 6. Bg5 Be6 7. e3 Nbd7 8. Ne5
Be7 9. Bd3 h6 10. Bf4 O-O 11. O-O c5 12. Rc1 Rc8 13. Bb1 cxd4 14. exd4 Re8 15.
Re1 b5 16. Qd3 Nf8 17. a4 bxa4 18. Qxa6 Ra8 19. Qb5 a3 20. Nc6 Bd7 21. Nxe7+
Rxe7 22. Qb3 axb2 23. Qxb2 Rxe1+ 24. Rxe1 Be6 25. f3 Rc8 26. Bd3 Qa5 27. Bd2 Qa7
28. Nb5 Qb6 29. Qa3 Bd7 30. Ba5 Qb8 31. Rb1 Bxb5 32. Bxb5 Qf4 33. Rd1 Ne6 34. g3
Qb8 35. Bf1 Rc2 36. Bd3 Rb2 37. Bc3 Rb3 38. Qa1 Ng5 39. Bc2 Rb7 40. Rd3 Qc8 41.
Re3 g6 42. Qe1 Re7 43. Bd1 Rxe3 44. Qxe3 Ne6 45. Be2 h5 46. h4 1/2-1/2

[Event "Bundesliga 2017-18"]
[Site "Berlin GER"]
[Date "2018.05.01"]
[Round "15.6"]
[White "Andersen, Mads"]
[Black "Demuth, Adrien"]
[Result "1/2-1/2"]
[WhiteTitle "GM"]
[BlackTitle "GM"]
[WhiteElo "2589"]
[BlackElo "2538"]
[Board "8"]
[WhiteTeam "SG Solingen"]
[BlackTeam "SF Deizisau"]
[WhiteFideId "1413864"]
[BlackFideId "642274"]
[EventDate "2017.10.21"]
[EventType "team"]

1. c4 c5 2. Nf3 g6 3. d4 cxd4 4. Nxd4 Bg7 5. e4 Nc6 6. Be3 Nf6 7. Nc3 Ng4 8.
Qxg4 Nxd4 9. Qd1 e5 10. Nb5 d6 11. Nxd4 exd4 12. Bxd4 Qa5+ 13. Ke2 Be5 14. f3 f5
15. exf5 Bxf5 16. Kf2 O-O-O 17. Rc1 Kb8 18. Be2 Rhe8 19. Re1 d5 20. Bxe5+ Rxe5
21. Qd4 dxc4 22. Qxc4 Rde8 23. b4 Qb6+ 24. Kf1 Bd7 25. Qf4 g5 26. Qd2 Rxe2 27.
Rxe2 Bb5 28. Re1 h6 29. a4 Bc4 30. a5 Qb5 31. Kf2 Bxe2 1/2-1/2

[Event "Bundesliga 2017-18"]
[Site "Berlin GER"]
[Date "2018.05.01"]
[Round "15.1"]
[White "Fressinet, Laurent"]
[Black "Piorun, Kacper"]
[Result "1-0"]
[WhiteTitle "GM"]
[BlackTitle "GM"]
[WhiteElo "2657"]
[BlackElo "2640"]
[Board "1"]
[WhiteTeam "SV Werder Bremen"]
[BlackTeam "SF Berlin 1903"]
[WhiteFideId "608742"]
[BlackFideId "1130420"]
[EventDate "2017.10.21"]
[EventType "team"]

1. d4 Nf6 2. c4 e6 3. Nf3 d5 4. g3 Bb4+ 5. Bd2 Bd6 6. Nc3 O-O 7. Bg5 c6 8. Bg2
Nbd7 9. e4 dxe4 10. Nxe4 Be7 11. Nxf6+ Bxf6 12. Bxf6 Qxf6 13. Qe2 c5 14. Rd1
cxd4 15. Nxd4 a5 16. O-O Rb8 17. Rfe1 Nc5 18. Qe3 h6 19. b3 Qe7 20. Qe5 Na6 21.
Qxa5 b6 22. Nc6 1-0

[Event "Bundesliga 2017-18"]
[Site "Berlin GER"]
[Date "2018.05.01"]
[Round "15.1"]
[White "Tomczak, Jacek"]
[Black "Edouard, Romain"]
[Result "1/2-1/2"]
[WhiteTitle "GM"]
[BlackTitle "GM"]
[WhiteElo "2583"]
[BlackElo "2607"]
[Board "2"]
[WhiteTeam "SF Berlin 1903"]
[BlackTeam "SV Werder Bremen"]
[WhiteFideId "1124668"]
[BlackFideId "633429"]
[EventDate "2017.10.21"]
[EventType "team"]

1. e4 c5 2. Nf3 Nc6 3. d4 cxd4 4. Nxd4 e5 5. Nb5 d6 6. N1c3 a6 7. Na3 Be7 8. Nc4
b5 9. Ne3 Nf6 10. a3 O-O 11. g3 Nd4 12. Bg2 Be6 13. O-O a5 14. Ne2 Nxe2+ 15.
Qxe2 Rb8 16. a4 b4 17. b3 Qb6 18. Bb2 Qc5 19. Kh1 Bd8 20. f4 Bb6 1/2-1/2

[Event "Bundesliga 2017-18"]
[Site "Berlin GER"]
[Date "2018.05.01"]
[Round "15.1"]
[White "Hracek, Zbynek"]
[Black "Jakubowski, Krzysztof"]
[Result "1/2-1/2"]
[WhiteTitle "GM"]
[BlackTitle "GM"]
[WhiteElo "2610"]
[BlackElo "2529"]
[Board "3"]
[WhiteTeam "SV Werder Bremen"]
[BlackTeam "SF Berlin 1903"]
[WhiteFideId "300071"]
[BlackFideId "1112848"]
[EventDate "2017.10.21"]
[EventType "team"]

1. d4 Nf6 2. c4 e6 3. Nc3 d5 4. cxd5 exd5 5. Bg5 c6 6. e3 Be7 7. Bd3 Nbd7 8. h3
O-O 9. Qc2 Re8 10. Nf3 Nf8 11. O-O g6 12. Rab1 Be6 13. b4 Rc8 14. Na4 Rc7 15.
Nc5 Bc8 16. a4 Nh5 17. Bxe7 Qxe7 18. Qb2 Qf6 19. Ne5 Qd6 20. Be2 Ng7 21. Rbc1 f6
22. Nf3 g5 23. b5 h5 24. bxc6 bxc6 25. Ba6 g4 26. Nh4 gxh3 27. g3 Nf5 28. Bxc8
Nxh4 29. Bxh3 Rg7 30. Kh1 Nf3 31. Qe2 Nxd4 32. Qd1 1/2-1/2

[Event "Bundesliga 2017-18"]
[Site "Berlin GER"]
[Date "2018.05.01"]
[Round "15.1"]
[White "Sprenger, Jan Michael"]
[Black "Nyback, Tomi"]
[Result "0-1"]
[WhiteTitle "IM"]
[BlackTitle "GM"]
[WhiteElo "2513"]
[BlackElo "2572"]
[Board "4"]
[WhiteTeam "SF Berlin 1903"]
[BlackTeam "SV Werder Bremen"]
[WhiteFideId "4646258"]
[BlackFideId "503142"]
[EventDate "2017.10.21"]
[EventType "team"]

1. e4 e5 2. Nf3 Nc6 3. Bb5 a6 4. Ba4 Nf6 5. O-O Be7 6. Re1 b5 7. Bb3 d6 8. c3
O-O 9. h3 Bb7 10. d4 Re8 11. Ng5 Rf8 12. Nf3 Re8 13. Nbd2 Nd7 14. Nf1 exd4 15.
cxd4 Na5 16. Bc2 c5 17. d5 Nc4 18. b3 Bf6 19. Rb1 Nce5 20. Nxe5 Nxe5 21. Ne3 Bc8
22. Kh2 Bd7 23. Bd2 Ng6 24. g3 Be5 25. Nf5 Bxf5 26. exf5 Nf8 27. f4 Bd4 28. Qf3
Ra7 29. g4 Rae7 30. Rxe7 Rxe7 31. g5 Qe8 32. Bd3 f6 33. h4 Nd7 34. Kg2 Nb6 35.
Kf1 c4 36. Bc2 c3 37. Be1 b4 38. Bf2 Bxf2 39. Kxf2 Qb5 40. Re1 Qc5+ 41. Kf1
Rxe1+ 42. Kxe1 Qg1+ 43. Ke2 Qh2+ 44. Qf2 Qxf2+ 45. Kxf2 Nxd5 46. Kf3 Nb6 47. Ke4
Kf7 48. Kd4 Ke7 49. Bd3 Kd7 50. Bc2 Kc6 51. Be4+ d5 52. Bc2 Kd6 53. Bd3 Nd7 54.
Bc2 Nb8 55. Bd3 Nc6+ 56. Ke3 a5 57. Bc2 Kc5 58. Bd3 Ne7 59. Bc2 d4+ 60. Kf3 Nd5
61. Bd3 Ne3 62. Ke2 Ng2 0-1

[Event "Bundesliga 2017-18"]
[Site "Berlin GER"]
[Date "2018.05.01"]
[Round "15.1"]
[White "Babula, Vlastimil"]
[Black "Schreiner, Peter"]
[Result "1/2-1/2"]
[WhiteTitle "GM"]
[BlackTitle "IM"]
[WhiteElo "2556"]
[BlackElo "2480"]
[Board "5"]
[WhiteTeam "SV Werder Bremen"]
[BlackTeam "SF Berlin 1903"]
[WhiteFideId "301264"]
[BlackFideId "1621645"]
[EventDate "2017.10.21"]
[EventType "team"]

1. d4 Nf6 2. c4 g6 3. Nc3 d5 4. cxd5 Nxd5 5. e4 Nxc3 6. bxc3 Bg7 7. Nf3 c5 8. h3
O-O 9. Be3 b6 10. Rc1 cxd4 11. cxd4 e6 12. Bd3 Bb7 13. O-O Nc6 14. Qa4 Qd6 15.
Rfd1 a6 16. d5 exd5 17. exd5 Nb4 18. a3 Na2 19. Bf4 Qd8 20. Rc7 Nc3 21. Qc2 Nxd1
22. Rxb7 Nc3 23. d6 b5 24. Qb3 Na4 25. Qd5 Nc3 26. Qb3 Na4 27. Qd5 Nc3 1/2-1/2

[Event "Bundesliga 2017-18"]
[Site "Berlin GER"]
[Date "2018.05.01"]
[Round "15.1"]
[White "Abel, Dennes"]
[Black "Werle, Jan"]
[Result "1/2-1/2"]
[WhiteTitle "IM"]
[BlackTitle "GM"]
[WhiteElo "2458"]
[BlackElo "2526"]
[Board "6"]
[WhiteTeam "SF Berlin 1903"]
[BlackTeam "SV Werder Bremen"]
[WhiteFideId "24605417"]
[BlackFideId "1006088"]
[EventDate "2017.10.21"]
[EventType "team"]

1. Nf3 Nf6 2. d4 e6 3. c4 c5 4. Nc3 cxd4 5. Nxd4 Bb4 6. Bd2 O-O 7. e3 Nc6 8. a3
Be7 9. Be2 Nxd4 10. exd4 d5 11. c5 Ne4 12. O-O e5 13. Nxe4 dxe4 14. Bc3 exd4 15.
Qxd4 Qxd4 16. Bxd4 Rd8 17. Be3 Be6 18. b4 f5 19. Rac1 Rac8 20. f3 Bf6 21. fxe4
fxe4 22. b5 Bd4 23. Bxd4 Rxd4 24. Rfd1 Rxd1+ 25. Bxd1 Kf7 26. Kf2 Kf6 27. Ke3
Ke5 28. Rc3 Rf8 29. c6 bxc6 30. Rxc6 Rf1 31. Rc5+ Kd6 32. Rc6+ Ke5 33. Be2 Rb1
34. Rc5+ Kd6 35. Rc6+ Ke5 36. Rc5+ Kd6 37. Rc3 Bd5 38. h4 Rg1 39. Kf2 Ra1 40. h5
h6 41. Bc4 Bxc4 42. Rxc4 Rxa3 43. Rxe4 Rc3 44. Rd4+ Ke6 45. Re4+ Kd6 1/2-1/2

[Event "Bundesliga 2017-18"]
[Site "Berlin GER"]
[Date "2018.05.01"]
[Round "15.1"]
[White "Zumsande, Martin"]
[Black "Seyb, Alexander"]
[Result "1/2-1/2"]
[WhiteTitle "IM"]
[BlackTitle "IM"]
[WhiteElo "2471"]
[BlackElo "2403"]
[Board "7"]
[WhiteTeam "SV Werder Bremen"]
[BlackTeam "SF Berlin 1903"]
[WhiteFideId "4651324"]
[BlackFideId "4699033"]
[EventDate "2017.10.21"]
[EventType "team"]

1. e4 g6 2. d4 Bg7 3. Nc3 d6 4. f4 Nf6 5. Nf3 O-O 6. Be2 c5 7. dxc5 Qa5 8. O-O
Qxc5+ 9. Kh1 Nc6 10. Bd3 Bg4 11. Qe1 Bxf3 12. Rxf3 Rac8 13. Be3 Qa5 14. a3 d5
15. e5 d4 16. exf6 Bxf6 17. Ne4 dxe3 18. Nxf6+ exf6 19. Rxe3 Qb6 20. Rb1 f5 21.
c3 Nd8 22. Qf2 Ne6 23. Rbe1 Qd6 24. g3 a5 25. Bf1 Rfd8 26. Bg2 b6 27. Bf3 Kg7
28. Kg2 Qc5 29. Qe2 Qc4 30. Re5 Qxe2+ 31. R1xe2 Rc5 32. Kf2 Kf6 33. R5e3 h6 34.
h4 g5 35. hxg5+ hxg5 36. fxg5+ Kxg5 37. b4 Rc4 38. bxa5 bxa5 39. Rb2 Rdc8 40.
Rb5 R8c5 41. Rxc5 Nxc5 42. Bd5 Ne4+ 43. Kf3 Rxc3 44. Rxc3 Nxc3 1/2-1/2

[Event "Bundesliga 2017-18"]
[Site "Berlin GER"]
[Date "2018.05.01"]
[Round "15.1"]
[White "Schmidek, Emil"]
[Black "Grigorian, Spartak"]
[Result "1/2-1/2"]
[WhiteTitle "FM"]
[WhiteElo "2387"]
[BlackElo "2352"]
[Board "8"]
[WhiteTeam "SF Berlin 1903"]
[BlackTeam "SV Werder Bremen"]
[WhiteFideId "12908150"]
[BlackFideId "24661490"]
[EventDate "2017.10.21"]
[EventType "team"]

1. e4 c5 2. Nf3 d6 3. d4 cxd4 4. Nxd4 Nf6 5. Nc3 a6 6. Bg5 Nbd7 7. Bc4 Qb6 8.
Bb3 e6 9. Qd2 Nc5 10. Bxf6 gxf6 11. O-O-O h5 12. f4 Bd7 13. Kb1 O-O-O 14. Rhf1
Be7 15. f5 Kb8 16. Qf2 Qa5 17. Qf3 Rc8 18. fxe6 fxe6 19. Nce2 f5 20. exf5 Nxb3
21. Nxb3 Qxf5 22. Qxf5 exf5 23. Nbd4 Bf6 24. Nxf5 Bxf5 25. Rxf5 Be5 26. Nd4 Rcg8
27. g3 h4 28. Nf3 hxg3 29. hxg3 Bxg3 30. Rfd5 Re8 31. a3 Rhf8 32. Nd4 Be5 33.
Nb3 Rf2 34. Nd2 Bf4 35. Nb3 Rc8 36. Nd4 Be5 37. c3 Rh8 38. Nb3 Bf4 39. Nc1 Bxc1
40. Kxc1 Rhh2 41. R1d2 Rxd2 42. Rxd2 Rh1+ 43. Kc2 Kc7 44. Kb3 b5 45. Rd4 Kc6 46.
Kb4 Rh2 47. b3 Rh3 48. a4 bxa4 49. Rc4+ Kb6 50. Kxa4 d5 51. Rc8 Kb7 52. Rc5 Kb6
53. b4 Rg3 54. Rc8 Kb7 1/2-1/2

[Event "Bundesliga 2017-18"]
[Site "Berlin GER"]
[Date "2018.05.01"]
[Round "15.7"]
[White "Inarkiev, Ernesto"]
[Black "Van Foreest, Jorden"]
[Result "0-1"]
[WhiteTitle "GM"]
[BlackTitle "GM"]
[WhiteElo "2693"]
[BlackElo "2609"]
[Board "1"]
[WhiteTeam "SK Schwaebisch Hall"]
[BlackTeam "DJK Aufwaerts Aachen"]
[WhiteFideId "4162722"]
[BlackFideId "1039784"]
[EventDate "2017.10.21"]
[EventType "team"]

1. e4 e5 2. Nf3 Nc6 3. Bb5 a6 4. Ba4 b5 5. Bb3 g6 6. a4 b4 7. d4 exd4 8. Nxd4
Na5 9. Bd5 c6 10. Ba2 Bg7 11. O-O Ne7 12. c3 Rb8 13. Bf4 d6 14. Nd2 O-O 15. Qc2
c5 16. N4b3 Nec6 17. Rad1 Qf6 18. Bg3 Nxb3 19. Bxb3 bxc3 20. bxc3 Rd8 21. Bd5
Ne7 22. Ba2 Qxc3 23. Qxc3 Bxc3 24. Nc4 Be6 25. Bxd6 Nc6 26. Bxb8 Rxb8 27. Rb1
Rb4 28. Rfc1 Nd4 29. Kh1 Ne2 30. Rd1 Rxa4 31. Rb8+ Kg7 32. Bb3 Rxc4 33. Bxc4
Bxc4 34. Rd7 Bd4 35. f3 Nf4 36. Rbb7 Nd3 37. Rxd4 cxd4 38. Rd7 Nb2 39. Rxd4 a5
40. Rd2 Nd3 41. Rc2 Be6 42. Rd2 Nc1 43. Rc2 Na2 44. Rc7 a4 45. Ra7 Bb3 46. Kg1
Nb4 47. Kf2 Nc2 48. Rb7 a3 0-1

[Event "Bundesliga 2017-18"]
[Site "Berlin GER"]
[Date "2018.05.01"]
[Round "15.7"]
[White "Lupulescu, Constantin"]
[Black "Laznicka, Viktor"]
[Result "1/2-1/2"]
[WhiteTitle "GM"]
[BlackTitle "GM"]
[WhiteElo "2620"]
[BlackElo "2654"]
[Board "2"]
[WhiteTeam "DJK Aufwaerts Aachen"]
[BlackTeam "SK Schwaebisch Hall"]
[WhiteFideId "1207822"]
[BlackFideId "316385"]
[EventDate "2017.10.21"]
[EventType "team"]

1. e4 d5 2. exd5 Qxd5 3. Nf3 Nf6 4. Be2 Bf5 5. d4 c6 6. O-O e6 7. c4 Qd6 8. Nh4
Bg6 9. Nc3 Be7 10. g3 O-O 11. Nxg6 hxg6 12. Bf4 Qd8 13. Bf3 Nbd7 14. Qe2 Re8 15.
Rfd1 Bf8 16. a3 a5 17. c5 a4 18. Qc2 Qa5 19. Re1 Rec8 20. Bd2 b6 21. Bd1 bxc5
22. Nxa4 Qa7 23. dxc5 Nxc5 24. Nxc5 Bxc5 25. Be3 Bxe3 1/2-1/2

[Event "Bundesliga 2017-18"]
[Site "Berlin GER"]
[Date "2018.05.01"]
[Round "15.7"]
[White "Cornette, Matthieu"]
[Black "Parligras, Mircea-Emilian"]
[Result "1/2-1/2"]
[WhiteTitle "GM"]
[BlackTitle "GM"]
[WhiteElo "2602"]
[BlackElo "2616"]
[Board "3"]
[WhiteTeam "SK Schwaebisch Hall"]
[BlackTeam "DJK Aufwaerts Aachen"]
[WhiteFideId "620084"]
[BlackFideId "1204297"]
[EventDate "2017.10.21"]
[EventType "team"]

1. e4 e5 2. Nf3 Nc6 3. Bc4 Bc5 4. O-O Nf6 5. d3 a6 6. a4 d6 7. c3 Ba7 8. Nbd2
O-O 9. h3 Ne7 10. Re1 Ng6 11. d4 h6 12. Bb3 Re8 13. Bc2 Be6 14. Nf1 exd4 15.
Nxd4 Bd7 16. Ng3 d5 17. exd5 Rxe1+ 18. Qxe1 Bxd4 19. cxd4 Nxd5 20. Bxg6 fxg6 21.
Qe4 Be8 22. Ne2 Bf7 23. Nc3 Qe8 24. Bd2 Qc6 25. Re1 Re8 26. Qf3 Rxe1+ 27. Bxe1
Nb4 28. Qd1 Qc4 29. Ne4 Nc6 30. Bc3 b5 31. axb5 axb5 32. Nd2 Qa2 33. b4 Bd5 34.
Nf1 Qc4 35. Qd2 Ne7 36. Ne3 Qc6 37. Bb2 Qe6 38. Bc3 g5 39. Ng4 Ng6 40. Qe3 Nf4
41. Bd2 Qxe3 42. Nxe3 Kf7 43. f3 Ke6 44. Kf2 Nd3+ 45. Ke2 Nf4+ 46. Kf2 c6 47.
Bc3 Nd3+ 48. Ke2 Nf4+ 49. Kf2 Nd3+ 50. Ke2 Nf4+ 51. Kf2 1/2-1/2

[Event "Bundesliga 2017-18"]
[Site "Berlin GER"]
[Date "2018.05.01"]
[Round "15.7"]
[White "Bindrich, Falko"]
[Black "Michalik, Peter"]
[Result "1/2-1/2"]
[WhiteTitle "GM"]
[BlackTitle "GM"]
[WhiteElo "2598"]
[BlackElo "2546"]
[Board "4"]
[WhiteTeam "DJK Aufwaerts Aachen"]
[BlackTeam "SK Schwaebisch Hall"]
[WhiteFideId "4676670"]
[BlackFideId "14907526"]
[EventDate "2017.10.21"]
[EventType "team"]

1. d4 d5 2. c4 e6 3. Nf3 Nf6 4. g3 Be7 5. Bg2 O-O 6. O-O dxc4 7. Ne5 c5 8. dxc5
Qc7 9. Nxc4 Qxc5 10. b3 Rd8 11. Qc2 Nc6 12. Ba3 Nb4 13. Qb2 Nfd5 14. e4 Nb6 15.
Nbd2 Nxc4 16. Nxc4 b5 17. Ne3 Bb7 18. Rfd1 a5 19. Qe2 Qb6 20. Bb2 Bc5 21. Qg4
Bd4 22. Rxd4 Rxd4 23. Bxd4 Qxd4 24. Rd1 Qb6 1/2-1/2

[Event "Bundesliga 2017-18"]
[Site "Berlin GER"]
[Date "2018.05.01"]
[Round "15.7"]
[White "Womacka, Mathias"]
[Black "Handke, Florian"]
[Result "1/2-1/2"]
[WhiteTitle "GM"]
[BlackTitle "GM"]
[WhiteElo "2434"]
[BlackElo "2525"]
[Board "5"]
[WhiteTeam "SK Schwaebisch Hall"]
[BlackTeam "DJK Aufwaerts Aachen"]
[WhiteFideId "4611390"]
[BlackFideId "4634527"]
[EventDate "2017.10.21"]
[EventType "team"]

1. e4 d6 2. d4 Nf6 3. Nc3 g6 4. f4 Bg7 5. Nf3 c5 6. Bb5+ Bd7 7. e5 Ng4 8. Bxd7+
Qxd7 9. d5 dxe5 10. h3 e4 11. hxg4 exf3 12. Qxf3 Na6 13. Bd2 O-O-O 14. O-O-O Nc7
15. Be1 f5 16. gxf5 Qxf5 17. g4 Qf7 18. Bg3 h5 19. f5 hxg4 20. Qf4 Na6 21. Nb5
Rxd5 22. Rxh8+ Bxh8 23. Rxd5 Qxd5 24. fxg6 Qh1+ 25. Kd2 Qg2+ 26. Ke3 Kd8 27.
Qf8+ Kd7 28. Qf5+ Kd8 29. Qf8+ Kd7 30. Qf5+ Kd8 1/2-1/2

[Event "Bundesliga 2017-18"]
[Site "Berlin GER"]
[Date "2018.05.01"]
[Round "15.7"]
[White "Van Foreest, Lucas"]
[Black "Raykhman, Alexander"]
[Result "1/2-1/2"]
[WhiteTitle "IM"]
[BlackTitle "IM"]
[WhiteElo "2489"]
[BlackElo "2402"]
[Board "6"]
[WhiteTeam "DJK Aufwaerts Aachen"]
[BlackTeam "SK Schwaebisch Hall"]
[WhiteFideId "1039792"]
[BlackFideId "24637033"]
[EventDate "2017.10.21"]
[EventType "team"]

1. e4 c5 2. Nf3 d6 3. d4 cxd4 4. Nxd4 Nf6 5. Nc3 a6 6. Be3 e6 7. f3 b5 8. g4 Bb7
9. h4 Nfd7 10. Qd2 Nb6 11. a4 Nc4 12. Bxc4 bxc4 13. h5 d5 14. e5 Nd7 15. f4 Nc5
16. g5 Ne4 17. Nxe4 dxe4 18. O-O-O Qd7 19. Qa5 Qd8 20. Qc3 Bd5 21. f5 Qd7 22.
Qa5 Qd8 23. Qe1 Qd7 24. Qa5 Qd8 25. Qxd8+ Rxd8 26. f6 Rg8 27. Rhg1 Bb4 28. Ne2
Bc6 29. Rxd8+ Kxd8 30. Bb6+ Kc8 31. a5 gxf6 32. exf6 Bd6 33. Be3 Bd5 34. Nc3 Be5
35. Ne2 Bd6 36. Rg4 Be5 37. Bd4 Bc7 38. Rg1 Bh2 39. Rg2 Bc7 40. Be3 Be5 41. Rg1
Bh2 42. Rd1 Bc7 43. Rg1 Bh2 44. Rh1 Bc7 45. Rg1 1/2-1/2